[Event "Abu Dhabi Super Blitz 2020 - Quarti"]
[Site "Internet"]
[Date "16.04.2020"]
[Round "Q1"]
[White "Nihal, Sarin"]
[Black "Maghsoodloo, Parham"]
[Result "1-0"]
[WhiteTitle "GM"]
[BlackTitle "GM"]
[WhiteElo "2620"]
[BlackElo "2676"]
[WhiteFideId "25092340"]
[BlackFideId "12539929"]
[EventDate "2020.04.15"]

1. d4 Nf6 2. Bf4 e6 3. e3 c5 4. Nf3 b6 5. Nbd2 Bb7 6. Nc4 d5 7. Nce5 Nbd7 8. Bb5
a6 9. Ng5 axb5 10. Nexf7 Qe7 11. Nxh8 e5 12. dxe5 Nxe5 13. O-O g6 14. Qe2 Bg7
15. Qxb5+ Nfd7 16. Bxe5 Qxe5 17. Nhf7 Qe7 18. e4 h6 19. exd5 hxg5 20. Rfe1 Kxf7
21. Rxe7+ Kxe7 22. d6+ Kd8 23. Re1 Bf8 24. Re6 Rxa2 25. h3 Bd5 26. Rxg6 Bf7 27.
Qc6 Bxg6 28. Qc7+ Ke8 29. Qc8+ Kf7 30. Qxd7+ Kg8 31. Qe6+ Bf7 32. Qf6 Ra1+ 33.
Kh2 Rd1 34. Qxg5+ Kh7 35. Qf5+ Kg8 36. Qg4+ Kh7 37. Qxd1 Bxd6+ 38. Qxd6 1-0

[Event "Abu Dhabi Super Blitz 2020 - Quarti"]
[Site "Internet"]
[Date "16.04.2020"]
[Round "Q2"]
[White "Maghsoodloo, Parham"]
[Black "Nihal, Sarin"]
[Result "0-1"]
[WhiteTitle "GM"]
[BlackTitle "GM"]
[WhiteElo "2676"]
[BlackElo "2620"]
[WhiteFideId "12539929"]
[BlackFideId "25092340"]
[EventDate "2020.04.15"]

1. e4 e5 2. Nf3 Nc6 3. Bb5 a6 4. Ba4 Nf6 5. O-O Be7 6. Re1 b5 7. Bb3 O-O 8. h3
Bb7 9. d3 d5 10. exd5 Nxd5 11. Nxe5 Nxe5 12. Rxe5 Qd6 13. Re1 Rae8 14. Nd2 c5
15. a4 Bd8 16. axb5 Bc7 17. Nf1 axb5 18. Bd2 Rxe1 19. Qxe1 Qd7 20. Qe2 Re8 21.
Qg4 Qc6 22. Bxd5 Qxd5 23. Bc3 g6 24. Ne3 Qd6 25. Nf1 Qd5 26. f3 h5 27. Qh4 b4
28. Bf6 Re2 29. Re1 Rxg2+ 30. Kh1 Re2 31. Rxe2 Qxf3+ 32. Kg1 Qxe2 33. Qf2 Qf3
34. Qxf3 Bxf3 35. Kf2 Bc6 36. h4 Kf8 37. Ne3 Ke8 38. b3 Kd7 39. Nc4 Ke6 40. Bg5
Bd5 41. Nd2 Be5 42. Be3 Bd4 43. Bxd4 cxd4 44. Kg3 Ke5 45. Nf1 f6 46. Nd2 g5 47.
Kh3 Kf4 48. hxg5 fxg5 49. Nc4 g4+ 50. Kh4 Bxc4 51. bxc4 g3 52. Kh3 Kf3 53. c5 g2 0-1

[Event "Abu Dhabi Super Blitz 2020 - Quarti"]
[Site "Internet"]
[Date "16.04.2020"]
[Round "Q2"]
[White "Bortnyk, Olexandr"]
[Black "Avalyan, Artur"]
[Result "1-0"]
[WhiteTitle "GM"]
[BlackTitle "FM"]
[WhiteElo "2598"]
[BlackElo "2342"]
[WhiteFideId "14120828"]
[BlackFideId "34164550"]
[EventDate "2020.04.15"]

1. e4 e5 2. Bc4 Nc6 3. d3 Bc5 4. Nc3 d6 5. Be3 Bxe3 6. fxe3 Nf6 7. Nf3 Na5 8.
Bb3 Nxb3 9. axb3 O-O 10. O-O a5 11. d4 Qe7 12. dxe5 dxe5 13. Nd5 Nxd5 14. Qxd5
c6 15. Qxe5 Qxe5 16. Nxe5 Be6 17. Nd3 b6 18. b4 a4 19. Rfd1 g5 20. Ne5 Rfc8 21.
Rd6 c5 22. b5 Rcb8 23. Ra3 Kg7 24. Kf2 Rb7 25. b3 Kf6 26. Nc6 h5 27. Rxa4 Kg7
28. Rxa8 1-0

[Event "Abu Dhabi Super Blitz 2020 - Quarti"]
[Site "Internet"]
[Date "16.04.2020"]
[Round "Q1"]
[White "Nepomniachtchi, Ian"]
[Black "Artemiev, Vladislav"]
[Result "0-1"]
[WhiteTitle "GM"]
[BlackTitle "GM"]
[WhiteElo "2784"]
[BlackElo "2716"]
[WhiteFideId "4168119"]
[BlackFideId "24101605"]
[EventDate "2020.04.15"]

1. e4 c6 2. Nf3 d5 3. d3 dxe4 4. dxe4 Qxd1+ 5. Kxd1 Nd7 6. Nfd2 e5 7. a4 Nc5 8.
f3 f5 9. b4 Na6 10. c3 Nf6 11. Bd3 fxe4 12. Nxe4 Be6 13. Bg5 Nd5 14. Re1 h6 15.
Bh4 Nf4 16. Bf1 g5 17. Bf2 Kf7 18. Nbd2 Nc7 19. Kc2 Be7 20. Nc4 Rhd8 21. Nxe5+
Kg8 22. g3 Nfd5 23. Ng6 Bf6 24. Nxf6+ Nxf6 25. Ne5 Nfd5 26. g4 a5 27. b5 cxb5
28. axb5 Rac8 29. Rxa5 Nxc3 30. Kxc3 Nxb5+ 31. Kb4 Nd4 32. Bxd4 Rxd4+ 33. Kb5
Rc2 34. Kb6 Rd6+ 35. Kxb7 Kg7 36. Rb5 Bd5+ 37. Kb8 Rd8+ 38. Ka7 Rd6 39. Ra1 Kf6
40. Nd3 Rc7+ 41. Kb8 Re7 42. Rc5 Rd8+ 0-1

[Event "Abu Dhabi Super Blitz 2020 - Quarti"]
[Site "Internet"]
[Date "16.04.2020"]
[Round "Q2"]
[White "Artemiev, Vladislav"]
[Black "Nepomniachtchi, Ian"]
[Result "1-0"]
[WhiteTitle "GM"]
[BlackTitle "GM"]
[WhiteElo "2716"]
[BlackElo "2784"]
[WhiteFideId "24101605"]
[BlackFideId "4168119"]
[EventDate "2020.04.15"]

1. d4 Nf6 2. Nf3 g6 3. Bg5 Bg7 4. Nbd2 O-O 5. e3 d6 6. Bc4 c5 7. c3 Qc7 8. O-O
Nc6 9. dxc5 dxc5 10. Qe2 Nh5 11. Rad1 b6 12. Bh4 Bb7 13. Ba6 Rad8 14. Bxb7 Qxb7
15. Nb3 h6 16. Qc4 Rd7 17. Rd2 Rxd2 18. Nbxd2 Rd8 19. g4 Nf6 20. h3 Nd7 21. Qe4
Qc8 22. a4 Nf6 23. Bxf6 Bxf6 24. Nc4 Kg7 25. Kg2 Qc7 26. h4 Kg8 27. Qf4 Qd7 28.
Qe4 Bg7 29. g5 h5 30. Rc1 e6 31. Kf1 Qc7 32. Ke2 Ne7 33. Rd1 Rxd1 34. Kxd1 Qd7+
35. Ncd2 Nf5 36. Ke2 Kh7 37. Qc4 Nd6 38. Qd3 Qc6 39. Nc4 Nf5 40. e4 Ne7 41. b3
Qc7 42. Ke3 Kg8 43. Qd6 Qxd6 44. Nxd6 Bxc3 45. Nb5 Bb2 46. Nxa7 f6 47. gxf6 Bxf6
48. Kd3 Bb2 49. Kc4 e5 50. Kb5 Bd4 51. Nc6 Nxc6 52. Kxc6 Bxf2 53. Nxe5 Bxh4 54.
Nxg6 Bf2 55. Nf4 h4 56. e5 Be3 57. e6 1-0

[Event "Abu Dhabi Super Blitz 2020 - Semifinale"]
[Site "Internet"]
[Date "16.04.2020"]
[Round "S1"]
[White "Nihal, Sarin"]
[Black "Bortnyk, Olexandr"]
[Result "0-1"]
[WhiteTitle "GM"]
[BlackTitle "GM"]
[WhiteElo "2620"]
[BlackElo "2598"]
[WhiteFideId "25092340"]
[BlackFideId "14120828"]
[EventDate "2020.04.15"]

1. d4 Nf6 2. Bf4 d6 3. Nc3 g6 4. e4 Bg7 5. Qd2 c6 6. O-O-O b5 7. e5 dxe5 8. Bxe5
Qa5 9. Kb1 b4 10. Nce2 Be6 11. Nc1 Nbd7 12. Nf3 O-O 13. Bd3 Nxe5 14. dxe5 Nd7
15. Nb3 Bxb3 16. cxb3 Nxe5 17. Be4 Rad8 18. Qc2 Nxf3 19. Bxf3 c5 20. h4 h6 21.
h5 g5 22. Bd5 e6 23. Bc4 Qc7 24. Qe4 Rxd1+ 25. Rxd1 Rd8 26. Rxd8+ Qxd8 27. Bd3
a5 28. Kc2 Kf8 29. f3 Bf6 30. Bc4 Qd6 31. g4 Qh2+ 32. Qe2 Qg1 33. Qd1 Qe3 34.
Qe2 Qd4 35. Kc1 Kg7 36. Qd2 Qg1+ 37. Kc2 Qa1 38. Kd3 Bxb2 39. Qe3 Bd4 40. Qd2
Bc3 41. Qc2 Qe1 42. Qe2 Qg1 43. Kc2 Bd4 44. Kd3 Qc1 45. Qc2 Qe3# 0-1

[Event "Abu Dhabi Super Blitz 2020 - Semifinale"]
[Site "Internet"]
[Date "16.04.2020"]
[Round "S2"]
[White "Bortnyk, Olexandr"]
[Black "Nihal, Sarin"]
[Result "1-0"]
[WhiteTitle "GM"]
[BlackTitle "GM"]
[WhiteElo "2598"]
[BlackElo "2620"]
[WhiteFideId "14120828"]
[BlackFideId "25092340"]
[EventDate "2020.04.15"]

1. e4 c6 2. c4 d5 3. cxd5 cxd5 4. exd5 Nf6 5. Qa4+ Nbd7 6. Nc3 g6 7. Bc4 Bg7 8.
d3 O-O 9. Nf3 a6 10. Qa3 Nb6 11. Qb3 Nbd7 12. a4 b6 13. O-O Bb7 14. d4 Rc8 15.
Re1 Ne8 16. Bf4 Nd6 17. Bd3 Nf6 18. Ne5 Nf5 19. Bxf5 gxf5 20. Nc6 Bxc6 21. dxc6
Rxc6 22. d5 Rc8 23. Rad1 Re8 24. Be5 Ng4 25. Bxg7 Kxg7 26. h3 Nf6 27. Ne2 Rc5
28. Ng3 Qd7 29. Qf3 Kf8 30. Nxf5 Rxd5 31. Rxd5 Qxd5 32. Qf4 Ng8 33. Qg4 1-0

[Event "Abu Dhabi Super Blitz 2020 - Semifinale"]
[Site "Internet"]
[Date "16.04.2020"]
[Round "S1"]
[White "Artemiev, Vladislav"]
[Black "Dubov, Daniil"]
[Result "1-0"]
[WhiteTitle "GM"]
[BlackTitle "GM"]
[WhiteElo "2716"]
[BlackElo "2699"]
[WhiteFideId "24101605"]
[BlackFideId "24126055"]
[EventDate "2020.04.15"]

1. d4 Nf6 2. Nf3 c5 3. e3 d5 4. Bd3 g6 5. O-O Bg7 6. Nbd2 O-O 7. b3 cxd4 8. exd4
Nc6 9. a3 Bg4 10. Bb2 Rc8 11. h3 Bxf3 12. Nxf3 Ne4 13. Qe2 Nc5 14. Bb5 Ne4 15.
Rad1 Qa5 16. b4 Qb6 17. c4 Nd6 18. Bxc6 Qxc6 19. c5 Nc4 20. Bc1 Rfe8 21. h4 b6
22. h5 bxc5 23. dxc5 e5 24. Rfe1 a5 25. h6 Bf6 26. Ng5 axb4 27. axb4 e4 28. Nh3
Bc3 29. Nf4 Bxe1 30. Nxd5 Bxb4 31. Nxb4 Qxc5 32. Nd5 Re6 33. Bg5 e3 34. fxe3
Rce8 35. Qf3 f5 36. Kh1 Ne5 37. Qe2 Rd6 38. Nf6+ Rxf6 39. Bxf6 Qc4 40. Qxc4+
Nxc4 41. Rd7 Nxe3 42. Rg7+ Kf8 43. Rxh7 Ng4 44. Rh8+ Kf7 45. Rxe8 Nxf6 46. Ra8
g5 47. Ra6 Kg6 48. h7 1-0

[Event "Abu Dhabi Super Blitz 2020 - Semifinale"]
[Site "Internet"]
[Date "16.04.2020"]
[Round "S2"]
[White "Dubov, Daniil"]
[Black "Artemiev, Vladislav"]
[Result "0-1"]
[WhiteTitle "GM"]
[BlackTitle "GM"]
[WhiteElo "2699"]
[BlackElo "2716"]
[WhiteFideId "24126055"]
[BlackFideId "24101605"]
[EventDate "2020.04.15"]

1. e4 c5 2. Nf3 a6 3. d4 cxd4 4. Qxd4 Nc6 5. Qd2 g6 6. Nc3 Bg7 7. Be2 Nf6 8. O-O
O-O 9. Qf4 d6 10. Qh4 b5 11. Bg5 Be6 12. Rad1 Qc7 13. Bh6 Bxh6 14. Qxh6 Ng4 15.
Qh4 Kg7 16. Ng5 Nf6 17. f4 h6 18. Nxe6+ fxe6 19. Bd3 e5 20. Nd5 Qa7+ 21. Kh1 Rf7
22. Rf3 exf4 23. Nxf4 Ne5 24. Ne6+ Kg8 25. Rg3 Qd7 26. Nf4 Rg7 27. Qxh6 Nfg4 28.
Qh4 g5 29. Qh5 gxf4 30. Rh3 Nf2+ 0-1

[Event "Abu Dhabi Super Blitz 2020 - Finale 3/4 posto"]
[Site "Internet"]
[Date "16.04.2020"]
[Round "F1"]
[White "Nihal, Sarin"]
[Black "Dubov, Daniil"]
[Result "0-1"]
[WhiteTitle "GM"]
[BlackTitle "GM"]
[WhiteElo "2620"]
[BlackElo "2699"]
[WhiteFideId "25092340"]
[BlackFideId "24126055"]
[EventDate "2020.04.15"]

1. Nf3 d5 2. e3 Nf6 3. c4 e6 4. b3 c5 5. Bb2 Nc6 6. cxd5 exd5 7. Bb5 Bd6 8. O-O
O-O 9. d4 cxd4 10. Nxd4 Bd7 11. Be2 Qe7 12. Nd2 Rac8 13. N2f3 Ba3 14. Bxa3 Qxa3
15. Qc1 Qa5 16. Qb2 Ne4 17. Rac1 Bg4 18. h3 Nxd4 19. Nxd4 Bxe2 20. Nxe2 h6 21.
Rfd1 Rfd8 22. a3 Nf6 23. Nd4 Qb6 24. Rc2 Rc7 25. Rxc7 Qxc7 26. Rc1 Qe7 27. a4
Ne4 28. Qc2 Qf6 29. Qb2 Qe7 30. Qc2 Qf6 31. Qe2 g6 32. Rc7 h5 33. g3 h4 34. g4
Qd6 35. Rc2 Ng5 36. Kg2 Ne6 37. Qd3 Nc5 38. Qe2 a6 39. Qf3 Ne6 40. Qd1 Nc5 41.
Qf3 Ne6 42. Rd2 Ng5 43. Qd1 Qe5 44. Rc2 Qe4+ 45. Kh2 Re8 46. Qe2 Qe5+ 47. Kg2
Qe4+ 48. Kh2 Qe5+ 49. Kg2 Ne6 50. Nxe6 Qxe6 51. Rd2 d4 52. Rxd4 Qxb3 53. Qc4
Qxc4 54. Rxc4 b5 55. Rc6 Rb8 56. Rxa6 b4 57. Rc6 Ra8 58. Rb6 Rxa4 59. Rb7 Kg7
60. Kf3 g5 61. Kg2 Kg6 62. Rb5 f6 63. Rb6 Kf7 64. Kf3 Ke7 65. Ke4 Kf7 66. Kf5
Ra5+ 67. Ke4 Ra2 68. Kf3 Rb2 69. Kg2 b3 70. Kf3 Ke7 71. e4 Kd7 72. Rxf6 Kc7 73.
Rf5 Kc6 74. Rf8 Rc2 75. Rb8 b2 76. Ke3 Kc5 77. Kd3 Rxf2 78. e5 Rf3+ 79. Ke4 Rf4+
80. Ke3 Rb4 0-1

[Event "Abu Dhabi Super Blitz 2020 - Finale 3/4 posto"]
[Site "Internet"]
[Date "16.04.2020"]
[Round "F2"]
[White "Dubov, Daniil"]
[Black "Nihal, Sarin"]
[Result "1-0"]
[WhiteTitle "GM"]
[BlackTitle "GM"]
[WhiteElo "2699"]
[BlackElo "2620"]
[WhiteFideId "24126055"]
[BlackFideId "25092340"]
[EventDate "2020.04.15"]

1. e4 c6 2. d4 d5 3. e5 c5 4. dxc5 e6 5. Nf3 Bxc5 6. Bd3 Nc6 7. O-O Nge7 8. Nbd2
Ng6 9. Nb3 Bb6 10. Re1 O-O 11. Qe2 f6 12. exf6 Qxf6 13. Bg5 Qxb2 14. Rab1 Qc3
15. Bd2 Qf6 16. Bg5 Qf7 17. c4 h6 18. Be3 Nf4 19. Bxf4 Qxf4 20. Rbd1 Bd7 21. Bb1
Rf6 22. Qc2 g6 23. cxd5 exd5 24. Rxd5 Nb4 25. Qd1 Bc6 26. Re4 Nxd5 27. Rxf4 Nxf4
28. Nbd4 Rd8 29. Qb3+ Bd5 30. Qa4 Kg7 31. h4 Nxg2 32. Qb4 Rd7 33. Ne5 Rc7 34.
Bxg6 Nf4 35. Nf5+ Rxf5 36. Bxf5 Rc1+ 37. Kh2 Rh1+ 38. Kg3 Ne2+ 39. Kg4 Rg1+ 40.
Kh5 Bc5 41. Qa4 Kf6 42. Nd7+ Kxf5 43. Qc2+ Kf4 44. Qd2+ Kf3 45. Qxd5+ Kxf2 46.
Qxc5+ Kf1 47. Kxh6 Nf4 48. Qf5 Rg6+ 49. Qxg6 Nxg6 50. Kxg6 1-0

[Event "Abu Dhabi Super Blitz 2020 - Finale"]
[Site "Internet"]
[Date "16.04.2020"]
[Round "F1"]
[White "Bortnyk, Olexandr"]
[Black "Artemiev, Vladislav"]
[Result "0-1"]
[WhiteTitle "GM"]
[BlackTitle "GM"]
[WhiteElo "2598"]
[BlackElo "2716"]
[WhiteFideId "14120828"]
[BlackFideId "24101605"]
[EventDate "2020.04.15"]

1. e4 c5 2. c3 d6 3. d4 Qc7 4. Nf3 Bg4 5. Be3 Nd7 6. Bd3 Ngf6 7. O-O e6 8. h3
Bh5 9. Nbd2 Be7 10. Rc1 O-O 11. Re1 Rac8 12. Qc2 cxd4 13. cxd4 Qxc2 14. Rxc2
Rxc2 15. Bxc2 Rc8 16. Bd3 Nb6 17. b3 d5 18. e5 Nfd7 19. Nb1 Bxf3 20. gxf3 Nb8
21. a3 g6 22. Kf1 Kf8 23. Rc1 Rxc1+ 24. Bxc1 Nc6 25. Bb2 Bg5 26. Ke2 f6 27. exf6
Bxf6 28. Ke3 Nc8 29. f4 Nd6 30. Nd2 Ke7 31. Nf3 Na5 32. Nd2 Kd7 33. Bc3 Nc6 34.
Nf3 a6 35. Ne5+ Kc7 36. a4 Ne7 37. Ba5+ Kc8 38. Be2 Nef5+ 39. Kd3 Ne4 40. Be1
Bh4 41. Ng4 h5 42. Ne5 Bxf2 43. Bb4 Bxd4 44. Nxg6 Nf2+ 45. Kd2 Be3+ 46. Ke1 Nxh3
47. Bxh5 Nxf4 48. Nxf4 Bxf4 49. Bg4 Kd7 50. Bc3 Kd6 51. Bb2 Be5 52. Ba3+ Kc6 53.
Kd2 Bd6 54. Bb2 Kd7 55. Kd3 Ne7 56. Bc3 Nc6 57. Bh3 Bb4 58. Bg7 Be7 59. Kc3 Kd6
60. b4 b6 61. Bf1 a5 62. b5 Nb8 63. Bh6 Nd7 64. Bd3 Bf6+ 65. Kc2 Nc5 66. Bg6
Nxa4 67. Bf4+ Be5 68. Bh6 Bf6 69. Bf4+ e5 70. Bh6 Nc5 71. Bf7 e4 72. Bf4+ Be5
73. Bh6 d4 74. Bf8+ Kd7 75. Kd1 d3 76. Bh6 Bd4 77. Bh5 e3 78. Bg4+ Kd6 79. Bf4+
Kd5 80. Bg3 Kc4 81. Bh5 e2+ 82. Bxe2 dxe2+ 83. Kxe2 Kxb5 84. Bf4 a4 85. Kd2 a3
86. Be5 Bxe5 0-1

[Event "Abu Dhabi Super Blitz 2020 - Finale"]
[Site "Internet"]
[Date "16.04.2020"]
[Round "F2"]
[White "Artemiev, Vladislav"]
[Black "Bortnyk, Olexandr"]
[Result "1-0"]
[WhiteTitle "GM"]
[BlackTitle "GM"]
[WhiteElo "2716"]
[BlackElo "2598"]
[WhiteFideId "24101605"]
[BlackFideId "14120828"]
[EventDate "2020.04.15"]

1. d4 d6 2. Nf3 Nf6 3. Nc3 Bf5 4. Bg5 Nbd7 5. e3 e6 6. Bd3 Bg6 7. Bxg6 hxg6 8.
e4 Be7 9. Qe2 c6 10. e5 dxe5 11. dxe5 Nd5 12. Bxe7 Qxe7 13. O-O Qb4 14. Ne4 Rh5
15. c4 Ne7 16. Rad1 Rd8 17. Nd6+ Kf8 18. g4 Nxe5 19. Nxe5 Rh3 20. Ndxf7 Re8 21.
Ng5 Rh4 22. Nd7+ Kg8 23. Qxe6+ Kh8 24. Ne5 Rf8 25. Nef7+ Kg8 26. Rd8 Nf5 27.
Nh6+ Kh8 28. Qg8+ 1-0